| 000 | 01025nam a2200325 i 4500 | ||
|---|---|---|---|
| 001 | bg | ||
| 003 | BPK | ||
| 005 | 20201126143923.0 | ||
| 008 | 030721s2003 pl a f |000 0 pol | ||
| 015 | _aPB 2003/14458 | ||
| 020 | _a8302071161 | ||
| 020 | _a8302044784 | ||
| 040 |
_aWA N _cBPK |
||
| 041 | 0 | _apol | |
| 080 | _a628.1 | ||
| 080 | _a(075.3.053.7) | ||
| 100 | 1 |
_aHeidrich, Zbigniew _eAutor |
|
| 245 | 1 | 0 |
_aWodociągi : _bpodręcznik dla technikum / _cZbigniew Heidrich. |
| 250 | _aWyd. 4. | ||
| 260 |
_aWarszawa : _bWydawnictwa Szkolne i Pedagogiczne, _c[2003]. |
||
| 300 |
_a430, [2] s. : _bil. ; _c21 cm. |
||
| 490 | 1 |
_aWodociągi i kanalizacja ; _v1. |
|
| 504 | _aBibliogr. | ||
| 655 | 4 | _aPodręczniki dla szkół zawodowych | |
| 650 | 4 | _aWodociąg | |
| 710 | 2 |
_aWydawnictwa Szkolne i Pedagogiczne. _4pbl. |
|
| 830 | 0 | _aWodociągi i kanalizacja | |
| 856 |
_uhttp://koha.tu.koszalin.pl/cgi-bin/koha/opac-detail.pl?biblionumber=53472 _yKatalog online BPK |
||
| 942 |
_2UKD _cKS |
||
| 999 |
_c53472 _d53472 |
||